| 000 | 00980nam a2200253 4500 | ||
|---|---|---|---|
| 001 | 127634 | ||
| 003 | ES-MaACL | ||
| 005 | 20250831014006.0 | ||
| 007 | t| | ||
| 008 | 070214s1921 fr r ||||1| fre d | ||
| 100 | 1 |
_aRiley, W. _997229 |
|
| 245 | 1 | 3 |
_aLe génie américain _b: penseurs et hommes d'action / _cpar W. Riley ; traduit de l'anglais par E. Renoir ; préface de Henri Bergson. |
| 260 |
_aParis : _bFélix Alcan, _c1921 ( _fJ. Dardaillon) |
||
| 300 |
_aIV, 172 p. ; _c19 cm. |
||
| 490 | 1 | _aBibliothèque de philosophie contemporaine | |
| 505 | 8 | _aContiene: Puritans et quakers ; Franklin ; Jefferson ; Walt Whitman ; Lincoln ; Roosevelt ; William James | |
| 650 | 4 |
_aIntelectuales- _zEstados Unidos. _9172491 |
|
| 651 | 4 |
_aEstados Unidos- _xVida intelectual _98576 |
|
| 700 | 1 |
_aRenoir, E. _996228 |
|
| 700 | 1 |
_aBergson, Henri. _928013 |
|
| 830 | 1 |
_aBibliothèque de philosophie contemporaine _9181027 |
|
| 852 |
_aES-MaACL _jF-11665 |
||
| 999 |
_c127634 _d127634 |
||